Language and control in children's literature / (Record no. 52730)

MARC details
000 -LEADER
fixed length control field 00553nam a2200205Ia 4500
005 - DATE AND TIME OF LATEST TRANSACTION
control field 20260429112155.0
008 - FIXED-LENGTH DATA ELEMENTS--GENERAL INFORMATION
fixed length control field 260429s9999||||xx |||||||||||||| ||und||
020 ## - INTERNATIONAL STANDARD BOOK NUMBER
International Standard Book Number 9780415086257
041 ## - LANGUAGE CODE
Language English
082 ## - DEWEY DECIMAL CLASSIFICATION NUMBER
Classification number 820.9928
Item number KNO
100 ## - MAIN ENTRY--PERSONAL NAME
Personal name Knowles, Murray
245 #0 - TITLE STATEMENT
Title Language and control in children's literature /
Statement of responsibility, etc Murray Knowles
250 ## - EDITION STATEMENT
Edition statement 1st ed.
260 ## - PUBLICATION, DISTRIBUTION, ETC. (IMPRINT)
Place of publication, distribution, etc London :
Name of publisher, distributor, etc Routledge,
Date of publication, distribution, etc 1996.
300 ## - PHYSICAL DESCRIPTION
Extent xii, 284 p.; pbk
650 ## - SUBJECT ADDED ENTRY--TOPICAL TERM
Topical term or geographic name as entry element Language
650 ## - SUBJECT ADDED ENTRY--TOPICAL TERM
Topical term or geographic name as entry element Children literature
700 ## - ADDED ENTRY--PERSONAL NAME
Personal name Malmkjaer, Kirsten
942 ## - ADDED ENTRY ELEMENTS (KOHA)
Koha item type Text Books
Holdings
Withdrawn status Lost status Damaged status Not for loan Collection code Home library Location Shelving location Date of Cataloging Source of acquisition Total Checkouts Full call number Barcode Date last seen Price effective from Koha item type
        Non-fiction CUTN Central Library CUTN Central Library Literature 29/04/2026 Technical Bureau, New Delhi - Invoice No. TB3352 on 09-02-2026   820.9928 KNO 57849 29/04/2026 29/04/2026 Text Books